ইসলামিক জুরিসপ্রুডেন্স ও মুসলিম আইন/ (Record no. 7240)
[ view plain ]
| 000 -LEADER | |
|---|---|
| fixed length control field | 00998nam a22002177a 4500 |
| 003 - CONTROL NUMBER IDENTIFIER | |
| control field | BUBTL |
| 008 - FIXED-LENGTH DATA ELEMENTS--GENERAL INFORMATION | |
| fixed length control field | 240304b ||||| |||| 00| 0 eng d |
| 041 ## - LANGUAGE CODE | |
| Language code of text/sound track or separate title | বাংলা |
| 082 ## - DEWEY DECIMAL CLASSIFICATION NUMBER | |
| Classification number | 340.59/ H7949j/ 2007 |
| 100 ## - MAIN ENTRY--PERSONAL NAME | |
| 9 (RLIN) | 5709 |
| Personal name | হোসেন, ব্যারিস্টার ইসতিয়াক |
| 245 ## - TITLE STATEMENT | |
| Title | ইসলামিক জুরিসপ্রুডেন্স ও মুসলিম আইন/ |
| Remainder of title | ব্যারিস্টার ইসতিয়াক হোসেন, শাহনাজ পারভীন |
| 250 ## - EDITION STATEMENT | |
| Edition statement | ৪র্থ সং |
| 260 ## - PUBLICATION, DISTRIBUTION, ETC. (IMPRINT) | |
| Place of publication, distribution, etc. | ঢাকা |
| Name of publisher, distributor, etc. | ধানসিঁড়ি ‘ল’ বুক সেন্টার |
| Date of publication, distribution, etc. | c2007 |
| 300 ## - PHYSICAL DESCRIPTION | |
| Extent | 476p. : |
| Other physical details | ill. ; 22 cm. |
| 526 ## - STUDY PROGRAM INFORMATION NOTE | |
| Program name | Law |
| 650 #0 - SUBJECT ADDED ENTRY--TOPICAL TERM | |
| 9 (RLIN) | 2104 |
| Topical term or geographic name as entry element | Law |
| 700 ## - ADDED ENTRY--PERSONAL NAME | |
| 9 (RLIN) | 5710 |
| Personal name | ব্যারিস্টার ইসতিয়াক হোসেন, শাহনাজ পারভীন |
| 856 ## - ELECTRONIC LOCATION AND ACCESS | |
| Password | 0 |
| Logon | 0 |
| Link text | Download |
| 942 ## - ADDED ENTRY ELEMENTS (KOHA) | |
| Source of classification or shelving scheme | |
| Koha item type | Books |
| Withdrawn status | Lost status | Source of classification or shelving scheme | Damaged status | Not for loan | Collection code | Permanent location | Current location | Shelving location | Date acquired | Source of acquisition | Inventory number | Total Checkouts | Full call number | Barcode | Date last seen | Copy number | Price effective from | Koha item type |
|---|---|---|---|---|---|---|---|---|---|---|---|---|---|---|---|---|---|---|
| Not For Loan | Non-fiction | Bangladesh University of Business and Technology Library | Bangladesh University of Business and Technology Library | Law Stacks | 01/20/2008 | Purchase | 5063 | 340.59/ H7949j/ 2007 | BUBTL-20035063 | 03/04/2024 | C-1 | 03/04/2024 | Books |
